000 00258nam a2200097Ia 4500
001 1300829
005 20260420095911.0
008 260420s9999 xx 000 0 und d
245 0 _aBEN VE SEN
_cGİUSİ QUARENGHİ
260 _bGÜNIŞIĞI KİTAPLIĞI YAYINLARI
999 _c1300829
_d1300829